Recent communal violence in West Uttar Pradesh: role of district administration on its control (Record no. 110114)

000 -LEADER
fixed length control field 00540pab a2200169 454500
008 - FIXED-LENGTH DATA ELEMENTS--GENERAL INFORMATION
fixed length control field 180718b2014 xxu||||| |||| 00| 0 eng d
100 ## - MAIN ENTRY--PERSONAL NAME
Personal name Kumar, Vipin
245 ## - TITLE STATEMENT
Title Recent communal violence in West Uttar Pradesh: role of district administration on its control
Remainder of title
260 ## - PUBLICATION, DISTRIBUTION, ETC.
Date of publication, distribution, etc. 2014
300 ## - PHYSICAL DESCRIPTION
Extent p.393-402.
362 ## - DATES OF PUBLICATION AND/OR SEQUENTIAL DESIGNATION
Dates of publication and/or sequential designation Apr-Jun
650 ## - SUBJECT ADDED ENTRY--TOPICAL TERM
Topical term or geographic name entry element District administration - India - Uttar Pradesh
650 ## - SUBJECT ADDED ENTRY--TOPICAL TERM
Topical term or geographic name entry element Violence - India - Uttar Pradesh
650 ## - SUBJECT ADDED ENTRY--TOPICAL TERM
Topical term or geographic name entry element Communalism
773 ## - HOST ITEM ENTRY
Main entry heading Indian Journal of Political Science
909 ## -
-- 110119
Holdings
Withdrawn status Lost status Damaged status Not for loan Permanent Location Current Location Date acquired Serial Enumeration / chronology Barcode Date last seen Price effective from Koha item type
        Indian Institute of Public Administration Indian Institute of Public Administration 2018-07-19 Volume no: 75, Issue no: 2 AR110579 2018-07-19 2018-07-19 Articles

Powered by Koha